Svetová obchodná organizácia

Svetová obchodná organizácia (WTO) vznikla v r.1995. Jej vznik inštitucionalizoval polstoročie starý projekt Medzinárodnej obchodnej organizácie (ITO) z r.1947, ktorý sa na I. konferencii OSN v r. 1948 nerealizoval. Miesto tejto nerealizovanej inštitúcie pôsobila ako dlhodobé provizórium v rokoch 19...

Ausführliche Beschreibung

Gespeichert in:
Bibliographische Detailangaben
Format: Buchkapitel
Sprache:Slowakisch
Schlagworte:
Tags: Tag hinzufügen
Keine Tags, Fügen Sie das erste Tag hinzu!

MARC

LEADER 00000naa a2200000 4500
001 r021206
005 20230825075446.3
041 0 |a slo 
044 |a SK 
245 1 0 |a Svetová obchodná organizácia 
520 |a Svetová obchodná organizácia (WTO) vznikla v r.1995. Jej vznik inštitucionalizoval polstoročie starý projekt Medzinárodnej obchodnej organizácie (ITO) z r.1947, ktorý sa na I. konferencii OSN v r. 1948 nerealizoval. Miesto tejto nerealizovanej inštitúcie pôsobila ako dlhodobé provizórium v rokoch 1947-1994 Všeobecná dohoda o clách a obchode (GATT). Členstvo Slovenska v novej organizácii. 
610 2 0 |a Svetová obchodná organizácia 
610 2 0 |a 1995 
610 2 0 |a Všeobecná dohoda o clách a obchode 
610 2 0 |a 1947-1995 
610 2 0 |a organizácie medzinárodné 
610 2 0 |a obchod svetový 
610 2 0 |a politika obchodná